The use of aquatics in orthopedic and sports medicine rehabilitation and physical conditioning / (Record no. 82465)
[ view plain ]
| 000 -LEADER | |
|---|---|
| fixed length control field | 02535nam a2200397 i 4500 |
| 001 - CONTROL NUMBER | |
| control field | ebr10816567 |
| 003 - CONTROL NUMBER IDENTIFIER | |
| control field | CaPaEBR |
| 006 - FIXED-LENGTH DATA ELEMENTS--ADDITIONAL MATERIAL CHARACTERISTICS--GENERAL INFORMATION | |
| fixed length control field | m o d |
| 007 - PHYSICAL DESCRIPTION FIXED FIELD--GENERAL INFORMATION | |
| fixed length control field | cr cn||||||||| |
| 008 - FIXED-LENGTH DATA ELEMENTS--GENERAL INFORMATION | |
| fixed length control field | 130513t20142014njuad ob 001 0 eng|d |
| 020 ## - INTERNATIONAL STANDARD BOOK NUMBER | |
| Cancelled/invalid ISBN | 9781556429514 (alk. paper) |
| International Standard Book Number | 9781617119569 (e-book) |
| 040 ## - CATALOGING SOURCE | |
| Original cataloging agency | CaPaEBR |
| Language of cataloging | eng |
| Description conventions | rda |
| -- | pn |
| Transcribing agency | CaPaEBR |
| 050 14 - LIBRARY OF CONGRESS CALL NUMBER | |
| Classification number | RM813 |
| Item number | .U84 2014eb |
| 082 04 - DEWEY DECIMAL CLASSIFICATION NUMBER | |
| Classification number | 615.8/53 |
| Edition number | 23 |
| 245 04 - TITLE STATEMENT | |
| Title | The use of aquatics in orthopedic and sports medicine rehabilitation and physical conditioning / |
| Statement of responsibility, etc | [edited by] Kevin E. Wilk and David M. Joyner. |
| 264 #1 - PRODUCTION, PUBLICATION, DISTRIBUTION, MANUFACTURE, AND COPYRIGHT NOTICE | |
| Place of production, publication, distribution, manufacture | Thorofare, NJ : |
| Name of producer, publisher, distributor, manufacturer | SLACK Incorporated, |
| Date of production, publication, distribution, manufacture, or copyright notice | [2014] |
| Date of production, publication, distribution, manufacture, or copyright notice | �2014 |
| 300 ## - PHYSICAL DESCRIPTION | |
| Extent | 1 online resource (194 pages) : |
| Other physical details | illustrations |
| 336 ## - CONTENT TYPE | |
| Content type term | text |
| Source | rdacontent |
| 337 ## - MEDIA TYPE | |
| Media type term | computer |
| Source | rdamedia |
| 338 ## - CARRIER TYPE | |
| Carrier type term | online resource |
| Source | rdacarrier |
| 504 ## - BIBLIOGRAPHY, ETC. NOTE | |
| Bibliography, etc | Includes bibliographical references and index. |
| 505 0# - FORMATTED CONTENTS NOTE | |
| Formatted contents note | Aquatic therapy : history, theory, and applications / Bruce E. Becker -- Guidelines and indications for the use of aquatic therapy / Jessica Heath, and Lisa Pataky -- Pool selection, facility design, and engineering considerations -- David Joyner and Anson J. Flake -- Aquatic application for the lower extremity / Todd R. Hooks, Kevin E. Wilk, and Jason Palmer -- Aquatic application for the upper extremity / Leonard C. Macrina, A.J. Yenchak, Kevin E. Wilk, and Mike Reinold -- Aquatic rehabilitation for the spine / Timothy DiFrancesco and Lisa Pataky -- Chronic pain : fibromyalgia and other symptoms / Daniel Seidler -- Strength training and conditioning / Murphy Grant -- Sports-specific training / Murphy Grant -- Research evidence for the benefits of aquatic exercise / Stephen F. Crouse, and Dennis Dolny. |
| 588 ## - SOURCE OF DESCRIPTION NOTE | |
| Source of description note | Description based on print version record. |
| 590 ## - LOCAL NOTE (RLIN) | |
| Local note | Electronic reproduction. Palo Alto, Calif. : ebrary, 2014. Available via World Wide Web. Access may be limited to ebrary affiliated libraries. |
| 650 #0 - SUBJECT ADDED ENTRY--TOPICAL TERM | |
| Topical term or geographic name as entry element | Hydrotherapy. |
| Topical term or geographic name as entry element | Physical fitness. |
| Topical term or geographic name as entry element | Rehabilitation. |
| 655 #0 - INDEX TERM--GENRE/FORM | |
| Genre/form data or focus term | Electronic books. |
| 700 1# - ADDED ENTRY--PERSONAL NAME | |
| Personal name | Wilk, Kevin E. |
| Personal name | Joyner, David M., |
| Dates associated with a name | 1950- |
| 776 08 - ADDITIONAL PHYSICAL FORM ENTRY | |
| Display text | Print version: |
| Title | use of aquatics in orthopedic and sports medicine rehabilitation and physical conditioning. |
| Place, publisher, and date of publication | Thorofare, NJ : SLACK Incorporated, [2014] |
| Physical description | xii, 171 pages |
| International Standard Book Number | 9781556429514 |
| Record control number | (DNLM)101608156 |
| -- | (DLC) 2013019399 |
| 797 2# - LOCAL ADDED ENTRY--CORPORATE NAME (RLIN) | |
| Corporate name or jurisdiction name as entry element | ebrary. |
| 856 40 - ELECTRONIC LOCATION AND ACCESS | |
| Uniform Resource Identifier | <a href="http://site.ebrary.com/lib/rucke/Doc?id=10816567">http://site.ebrary.com/lib/rucke/Doc?id=10816567</a> |
| Public note | An electronic book accessible through the World Wide Web; click to view |
No items available.
